00546nam a22001577a 450000500170000001000150001702000260003203500140005803700130007208200160008510000150010124500980011626000540021427000810026830000390034920221109120347.0 aENG-135626 a9789351952121c299.00 aEN-119158 bDBAD/PUB a302.2310954 aLal, Ankit aIndia social:bhow social media is leading the charge and changing the country/cby Ankit Lal aGurugrambHachette Book Publishing Pvt. Ltdc2017 a4th & 5th Floors, Corporate Centre, Plot No. 94, Sector 44bGurugrame122003 a258p.c20cm(pbk)bAcknowledgements